| 000 | 00872nam a22002537a 4500 | ||
|---|---|---|---|
| 999 |
_c21270 _d21270 |
||
| 003 | AR-CdUCM | ||
| 008 | 190517b ||||| |||| 00| 0 spa d | ||
| 020 | _a1468935634568 | ||
| 040 |
_aMUNICIPALIDAD PROVINCIAL DEL CUSCO _cBIBLIOTECA MUNICIPAL DEL CUSCO |
||
| 082 |
_a513 / O41S / T.2 _bO41S / T.2 _2Tercera edición |
||
| 100 |
_aOlarte Estrada, Joel Grimaldo _944435 |
||
| 245 | _aAritmética Razonada / | ||
| 260 |
_aCusco : _bBolaños, _c2017. |
||
| 300 |
_a220 Páginas. : _c21 cm. |
||
| 440 |
_aColección JAAS _949250 |
||
| 505 | _aContenido: Sistema de numeración -- Divisibilidad -- Números primos -- MCD y MCM | ||
| 650 |
_aMatemática _919387 |
||
| 650 |
_aAritmética _919777 |
||
| 650 |
_aSistema de numeración _942977 |
||
| 650 |
_aDivisibilidad _944440 |
||
| 650 |
_aNúmeros primos _944441 |
||
| 942 |
_2ddc _cLIBROS |
||
| 945 |
_apebm _d2023-11-10 |
||